000 01511nam a2200385 i 4500
001 198384
003 ES-MaACL
005 20260601195802.0
007 ta
008 260527s2026 sp a|||| |||| 001 0aspa d
017 _aM 9072-2026
_bOficina Depósito Legal Madrid
020 _a979-13-991450-2-1
040 _aES-MaACL
_bspa
_cES-MaACL
_erda
080 _a929 Mainländer, Philipp
100 1 _aMainländer, Philipp,
_d1841-1876
_4aut
_9155903
_eaut
240 1 0 _aMeine soldatengeschichte.
_lEspañol
_9243147
245 1 0 _aMi vida como soldado /
_cPhilipp Mainländer ; traducción de Fernando Burgos ; introducción de H. W. Gámez ; prólogo y revisión del texto de Manuel Pérez Cornejo, Viator
264 1 _aMadrid :
_bEdiciones sequitur,
_c2026
264 4 _c©2026
300 _a191 páginas :
_bilustraciones (blanco y negro) ;
336 _2rdacontent
_aTexto
337 _2rdamedia
_asin mediación
338 _2rdacarrier
_avolumen
490 0 _aBiblioteca pesimista
500 _aRegistro provisional
500 _aEjemplar firmado y dedicado por el prologuista
500 _aÍndice
600 1 4 _aMainländer, Philipp,
_d1841-1876
_9155903
700 1 _4trl
_aBurgos, Fernando
_etrl
_9236115
700 1 _aPérez Cornejo, Manuel
_4aui
_4edt
_990742
_eaui
_epbl
852 _aES-MaACL
_cDEPOJ
_jDJ-16
_hDonación: Manuel Pérez Cornejo
_xEncuadernación rústica
942 _cMONOGRAFIA
_n0
999 _c198384
_d198384